<?xml version="1.0" encoding="UTF-8"?>
<record
    xmlns:xsi="http://www.w3.org/2001/XMLSchema-instance"
    xsi:schemaLocation="http://www.loc.gov/MARC21/slim http://www.loc.gov/standards/marcxml/schema/MARC21slim.xsd"
    xmlns="http://www.loc.gov/MARC21/slim">

  <leader>02875    a2200241   4500</leader>
  <controlfield tag="003">NALT</controlfield>
  <controlfield tag="005">20250819143315.0</controlfield>
  <controlfield tag="008">231128b        th ||||| |||| 00| 0 tha d</controlfield>
  <datafield tag="020" ind1=" " ind2=" ">
    <subfield code="a">9786163144454</subfield>
  </datafield>
  <datafield tag="040" ind1=" " ind2=" ">
    <subfield code="a">NALT</subfield>
  </datafield>
  <datafield tag="100" ind1="0" ind2=" ">
    <subfield code="a">&#xE1B;&#xE23;&#xE30;&#xE2A;&#xE34;&#xE17;&#xE18;&#xE34;&#xE4C; &#xE1B;&#xE34;&#xE27;&#xE32;&#xE27;&#xE31;&#xE12;&#xE19;&#xE1E;&#xE32;&#xE19;&#xE34;&#xE0A;.</subfield>
    <subfield code="9">5924</subfield>
  </datafield>
  <datafield tag="245" ind1="1" ind2="0">
    <subfield code="a">&#xE04;&#xE33;&#xE2D;&#xE18;&#xE34;&#xE1A;&#xE32;&#xE22;&#xE01;&#xE0E;&#xE2B;&#xE21;&#xE32;&#xE22;&#xE23;&#xE30;&#xE2B;&#xE27;&#xE48;&#xE32;&#xE07;&#xE1B;&#xE23;&#xE30;&#xE40;&#xE17;&#xE28;&#xE41;&#xE1C;&#xE19;&#xE01;&#xE04;&#xE14;&#xE35;&#xE1A;&#xE38;&#xE04;&#xE04;&#xE25; /</subfield>
    <subfield code="c">&#xE1B;&#xE23;&#xE30;&#xE2A;&#xE34;&#xE17;&#xE18;&#xE34;&#xE4C; &#xE1B;&#xE34;&#xE27;&#xE32;&#xE27;&#xE31;&#xE12;&#xE19;&#xE1E;&#xE32;&#xE19;&#xE34;&#xE0A;.</subfield>
    <subfield code="h">[electronic resource]</subfield>
  </datafield>
  <datafield tag="260" ind1=" " ind2=" ">
    <subfield code="a">&#xE01;&#xE23;&#xE38;&#xE07;&#xE40;&#xE17;&#xE1E;&#xE2F; : </subfield>
    <subfield code="b">&#xE2A;&#xE33;&#xE19;&#xE31;&#xE01;&#xE1E;&#xE34;&#xE21;&#xE1E;&#xE4C;&#xE21;&#xE2B;&#xE32;&#xE27;&#xE34;&#xE17;&#xE22;&#xE32;&#xE25;&#xE31;&#xE22;&#xE18;&#xE23;&#xE23;&#xE21;&#xE28;&#xE32;&#xE2A;&#xE15;&#xE23;&#xE4C;,</subfield>
    <subfield code="c">2561.</subfield>
  </datafield>
  <datafield tag="300" ind1=" " ind2=" ">
    <subfield code="a">Online resource</subfield>
  </datafield>
  <datafield tag="505" ind1="2" ind2=" ">
    <subfield code="a">&#xE20;&#xE32;&#xE04; 1 &#xE2B;&#xE25;&#xE31;&#xE01;&#xE01;&#xE0E;&#xE2B;&#xE21;&#xE32;&#xE22;&#xE2A;&#xE31;&#xE0D;&#xE0A;&#xE32;&#xE15;&#xE34;&#xE44;&#xE17;&#xE22; (Principles of Law on Thai Nationality) -- &#xE1A;&#xE17;&#xE17;&#xE35;&#xE48; 1 &#xE02;&#xE49;&#xE2D;&#xE04;&#xE27;&#xE32;&#xE21;&#xE04;&#xE34;&#xE14;&#xE17;&#xE31;&#xE48;&#xE27;&#xE44;&#xE1B;&#xE27;&#xE48;&#xE32;&#xE14;&#xE49;&#xE27;&#xE22;&#xE2A;&#xE31;&#xE0D;&#xE0A;&#xE32;&#xE15;&#xE34; -- &#xE1A;&#xE17;&#xE17;&#xE35;&#xE48; 2 &#xE01;&#xE32;&#xE23;&#xE44;&#xE14;&#xE49;&#xE21;&#xE32;&#xE0B;&#xE36;&#xE48;&#xE07;&#xE2A;&#xE31;&#xE0D;&#xE0A;&#xE32;&#xE15;&#xE34;&#xE44;&#xE17;&#xE22; -- &#xE1A;&#xE17;&#xE17;&#xE35;&#xE48; 3 &#xE01;&#xE32;&#xE23;&#xE40;&#xE2A;&#xE35;&#xE22;&#xE2A;&#xE31;&#xE0D;&#xE0A;&#xE32;&#xE15;&#xE34;&#xE44;&#xE17;&#xE22; -- &#xE1A;&#xE17;&#xE17;&#xE35;&#xE48; 4 &#xE01;&#xE32;&#xE23;&#xE01;&#xE25;&#xE31;&#xE1A;&#xE2A;&#xE39;&#xE48;&#xE2A;&#xE31;&#xE0D;&#xE0A;&#xE32;&#xE15;&#xE34;&#xE44;&#xE17;&#xE22; -- &#xE1A;&#xE17;&#xE17;&#xE35;&#xE48; 5 &#xE2A;&#xE31;&#xE0D;&#xE0A;&#xE32;&#xE15;&#xE34;&#xE19;&#xE34;&#xE15;&#xE34;&#xE1A;&#xE38;&#xE04;&#xE04;&#xE25; -- 
&#xE20;&#xE32;&#xE04; 2 &#xE19;&#xE34;&#xE15;&#xE34;&#xE10;&#xE32;&#xE19;&#xE30;&#xE02;&#xE2D;&#xE07;&#xE04;&#xE19;&#xE15;&#xE48;&#xE32;&#xE07;&#xE14;&#xE49;&#xE32;&#xE27;&#xE43;&#xE19;&#xE1B;&#xE23;&#xE30;&#xE40;&#xE17;&#xE28;&#xE44;&#xE17;&#xE22; (The Legal Status of Aliens in Thailand) -- &#xE1A;&#xE17;&#xE17;&#xE35;&#xE48; 1 &#xE01;&#xE32;&#xE23;&#xE40;&#xE02;&#xE49;&#xE32;&#xE40;&#xE21;&#xE37;&#xE2D;&#xE07;&#xE02;&#xE2D;&#xE07;&#xE04;&#xE19;&#xE15;&#xE48;&#xE32;&#xE07;&#xE14;&#xE49;&#xE32;&#xE27;&#xE43;&#xE19;&#xE1B;&#xE23;&#xE30;&#xE40;&#xE17;&#xE28;&#xE44;&#xE17;&#xE22; -- &#xE1A;&#xE17;&#xE17;&#xE35;&#xE48; 2 &#xE01;&#xE32;&#xE23;&#xE17;&#xE33;&#xE07;&#xE32;&#xE19;&#xE02;&#xE2D;&#xE07;&#xE04;&#xE19;&#xE15;&#xE48;&#xE32;&#xE07;&#xE14;&#xE49;&#xE32;&#xE27;&#xE43;&#xE19;&#xE1B;&#xE23;&#xE30;&#xE40;&#xE17;&#xE28;&#xE44;&#xE17;&#xE22; -- &#xE1A;&#xE17;&#xE17;&#xE35;&#xE48; 3 &#xE01;&#xE32;&#xE23;&#xE1B;&#xE23;&#xE30;&#xE01;&#xE2D;&#xE1A;&#xE18;&#xE38;&#xE23;&#xE01;&#xE34;&#xE08;&#xE02;&#xE2D;&#xE07;&#xE04;&#xE19;&#xE15;&#xE48;&#xE32;&#xE07;&#xE14;&#xE49;&#xE32;&#xE27; -- &#xE1A;&#xE17;&#xE17;&#xE35;&#xE48; 4 &#xE01;&#xE32;&#xE23;&#xE16;&#xE37;&#xE2D;&#xE04;&#xE23;&#xE2D;&#xE07;&#xE17;&#xE35;&#xE48;&#xE14;&#xE34;&#xE19; -- &#xE1A;&#xE17;&#xE17;&#xE35;&#xE48; 5 &#xE01;&#xE32;&#xE23;&#xE16;&#xE37;&#xE2D;&#xE01;&#xE23;&#xE23;&#xE21;&#xE2A;&#xE34;&#xE17;&#xE18;&#xE34;&#xE4C;&#xE43;&#xE19;&#xE2B;&#xE49;&#xE2D;&#xE07;&#xE0A;&#xE38;&#xE14; -- &#xE1A;&#xE17;&#xE17;&#xE35;&#xE48; 6 &#xE01;&#xE32;&#xE23;&#xE40;&#xE1B;&#xE47;&#xE19;&#xE1C;&#xE39;&#xE49;&#xE1B;&#xE23;&#xE30;&#xE01;&#xE2D;&#xE1A;&#xE01;&#xE32;&#xE23;&#xE18;&#xE38;&#xE23;&#xE01;&#xE34;&#xE08;&#xE1A;&#xE32;&#xE07;&#xE1B;&#xE23;&#xE30;&#xE40;&#xE20;&#xE17; -- &#xE1A;&#xE17;&#xE17;&#xE35;&#xE48; 7 &#xE01;&#xE32;&#xE23;&#xE14;&#xE33;&#xE23;&#xE07;&#xE15;&#xE33;&#xE41;&#xE2B;&#xE19;&#xE48;&#xE07;&#xE17;&#xE32;&#xE07;&#xE01;&#xE32;&#xE23;&#xE40;&#xE21;&#xE37;&#xE2D;&#xE07;&#xE41;&#xE25;&#xE30;&#xE15;&#xE33;&#xE41;&#xE2B;&#xE19;&#xE48;&#xE07;&#xE2D;&#xE37;&#xE48;&#xE19;&#xE46; -- &#xE1A;&#xE17;&#xE17;&#xE35;&#xE48; 8 &#xE40;&#xE23;&#xE37;&#xE48;&#xE2D;&#xE07;&#xE2D;&#xE37;&#xE48;&#xE19;&#xE46; &#xE17;&#xE35;&#xE48;&#xE40;&#xE01;&#xE35;&#xE48;&#xE22;&#xE27;&#xE01;&#xE31;&#xE1A;&#xE04;&#xE19;&#xE15;&#xE48;&#xE32;&#xE07;&#xE14;&#xE49;&#xE32;&#xE27; -- 
&#xE20;&#xE32;&#xE04;&#xE17;&#xE35;&#xE48; 3 &#xE01;&#xE32;&#xE23;&#xE02;&#xE31;&#xE14;&#xE01;&#xE31;&#xE19;&#xE41;&#xE2B;&#xE48;&#xE07;&#xE40;&#xE02;&#xE15;&#xE2D;&#xE33;&#xE19;&#xE32;&#xE08;&#xE28;&#xE32;&#xE25; (Conflict of Jurisdictions) -- &#xE1A;&#xE17;&#xE17;&#xE35;&#xE48; 1 &#xE40;&#xE02;&#xE15;&#xE2D;&#xE33;&#xE19;&#xE32;&#xE08;&#xE28;&#xE32;&#xE25;.</subfield>
  </datafield>
  <datafield tag="650" ind1=" " ind2="4">
    <subfield code="a">&#xE01;&#xE32;&#xE23;&#xE02;&#xE31;&#xE14;&#xE01;&#xE31;&#xE19;&#xE41;&#xE2B;&#xE48;&#xE07;&#xE01;&#xE0E;&#xE2B;&#xE21;&#xE32;&#xE22;</subfield>
    <subfield code="9">1609</subfield>
  </datafield>
  <datafield tag="650" ind1=" " ind2="4">
    <subfield code="9">5926</subfield>
    <subfield code="a">&#xE2A;&#xE31;&#xE0D;&#xE0A;&#xE32;&#xE15;&#xE34;</subfield>
    <subfield code="z">&#xE44;&#xE17;&#xE22;</subfield>
  </datafield>
  <datafield tag="650" ind1=" " ind2="4">
    <subfield code="9">58545</subfield>
    <subfield code="a">&#xE04;&#xE19;&#xE15;&#xE48;&#xE32;&#xE07;&#xE14;&#xE49;&#xE32;&#xE27;  </subfield>
    <subfield code="z">&#xE44;&#xE17;&#xE22;</subfield>
  </datafield>
  <datafield tag="850" ind1=" " ind2=" ">
    <subfield code="a">NALT</subfield>
  </datafield>
  <datafield tag="856" ind1="4" ind2="0">
    <subfield code="u">https://ebook.parliament.go.th/ebookall/detail/432029</subfield>
    <subfield code="z">E-Book</subfield>
  </datafield>
  <datafield tag="942" ind1=" " ind2=" ">
    <subfield code="2">lcc</subfield>
    <subfield code="c">EBK</subfield>
  </datafield>
  <datafield tag="996" ind1=" " ind2=" ">
    <subfield code="a">i002</subfield>
    <subfield code="b">CATSTF	</subfield>
    <subfield code="c">2023-12-19</subfield>
  </datafield>
  <datafield tag="999" ind1=" " ind2=" ">
    <subfield code="c">102712</subfield>
    <subfield code="d">102712</subfield>
  </datafield>
  <datafield tag="998" ind1=" " ind2=" ">
    <subfield code="j">1020</subfield>
    <subfield code="k"> &#xE19;&#xE32;&#xE07;&#xE08;&#xE33;&#xE40;&#xE23;&#xE35;&#xE22;&#xE07;  &#xE23;&#xE30;&#xE27;&#xE31;&#xE07;&#xE2A;&#xE33;&#xE42;&#xE23;&#xE07;</subfield>
  </datafield>
  <datafield tag="952" ind1=" " ind2=" ">
    <subfield code="0">0</subfield>
    <subfield code="1">0</subfield>
    <subfield code="2">lcc</subfield>
    <subfield code="4">0</subfield>
    <subfield code="7">0</subfield>
    <subfield code="8">CERS</subfield>
    <subfield code="a">NALT</subfield>
    <subfield code="b">NALT</subfield>
    <subfield code="c">ONLINE</subfield>
    <subfield code="d">2023-09-29</subfield>
    <subfield code="e">191</subfield>
    <subfield code="r">2023-09-29 00:00:00</subfield>
    <subfield code="y">EBK</subfield>
  </datafield>
</record>
